000 01093nas a2200385 4500
001 BR0403990
003 BR-BrBNA
005 20231205104751.0
007 ta
008 230509b bl.|||p| |||| 00| 00por d
040 _aBR-BrBNA
_bpor
_cBiblioteca Nacional de Agricultura
041 _a(En)
072 _aP34
100 1 _aCanellas, L.P.
100 1 _aEspindola, J.A.A.
100 1 _aRezende, C.E.
100 1 _aCamargo, P.B. de
100 1 _aZandonadi, D.B.
100 1 _aRumjanek, V.M.
100 1 _aGuerra, J.G.M.
100 1 _aTeixeira, M.G.
100 1 _aBraz-Filho, R.
245 1 _aOrganic matter quality in a soil cultivated with perennial herbaceous legumes
650 _aLEGUMINOSA FORRAGEIRA
650 _aSOLO ARGILOSO
650 _aCOMPOSTO ORGÂNICO
650 _aMATÉRIA SECA
650 _aQUALIDADE
650 _aHÚMUS
650 _aCARBONO
650 _aOXIGÊNIO
773 0 _tScientia Agrícola (Brazil)
_xISSN 0103-9016
_g(Jan-Feb 2004), v. 61(1) p. 53-61
_wBR0403990
909 _a202311
_bLúcia
_c55
_dLúcia Elande
942 _2AGRIS
_n0
_cANA
999 _c179612
_d179612